=LDR 00000nam 2200000 4500 =001 INLIS000000000024008 =005 20130612122624 =008 ***********************************Ind** =035 ##$$0010-061300000024008 =041 ##$$a Ind =090 ##$$a 2X9.85, Sak c =100 ##$$a Sakkakini, Widad el =245 ##$$a Cinta sejati wanita sufi, Widad el Sakkakini =260 ##$$a 2003 $b Yogyakarta =300 ##$$a 148 hlm, 21 cm =650 ##$$a Cinta suci wanita sufi =850 ##$$a NBPNMAT =990 ##$$a 0580/PN/2014 =990 ##$$a 21400613/BPAP-NTB/20142014 =990 ##$$a 0001/BPAP-NTB/2015 =990 ##$$a 0001/BPAP-NTB/2016